| 000 | 00956nam a22002777a 4500 | ||
|---|---|---|---|
| 003 | DO-SdBPM | ||
| 005 | 20251203131016.0 | ||
| 008 | 171018b2002 dr ||| 00| 0 spa d | ||
| 020 | _a9993439142 | ||
| 040 |
_aDO-SdBPM _bspa _cBPMSU _erda |
||
| 082 | 4 |
_aRD863.44 _bC433s 2002 _222 |
|
| 100 | 1 |
_aChahín, Plinio _4aut. _eautor _d1959- |
|
| 245 | 1 | 0 |
_aSalvo el insomnio : _bcuentos / _cPlinio Chahín, René Rodríguez Soriano |
| 264 |
_aSanto Domingo : _bEdiciones Librería la Trinitaria, _c2002 |
||
| 300 |
_a46 páginas : _c22 cm. |
||
| 336 |
_atexto _btxt _2rdacontent |
||
| 337 |
_asin mediación _bn _2rdamedia |
||
| 338 |
_avolumen _bnc _2rdacarrier |
||
| 500 | _aIncluye datos biográficos de los autores en las solapas. | ||
| 590 | _aInventariado, 2025/VM | ||
| 650 | 7 | _aCuentos dominicanos | |
| 650 | 7 | _a Literatura dominicana | |
| 700 | 1 |
_aRodríguez Soriano, René _eautor |
|
| 910 | _aVMateo V. Control de calidad. BPMSU | ||
| 942 |
_2ddc _cBK |
||
| 999 |
_c12628 _d12628 |
||